Statistics for Song Lyrics: Rammstein - Der Meister

Click here to take the quiz!

General Stats

  • This quiz has been taken 57 times
    (56 since last reset)
  • The average score is 116 of 161

Answer Stats

Text% Correct
Der
97%
der
97%
Meister
97%
Lauft!
88%
Lauft,
88%
lauft,
88%
Lauft
88%
zu
85%
die
82%
Die
82%
ein
82%
ist
82%
kommt
82%
wir
82%
Es
79%
es
79%
uns
79%
den
76%
Euch
76%
euch
76%
euch,
76%
Um
76%
um
76%
Untergang.
76%
verkünden
76%
aus
74%
euer
74%
Wahrheit
74%
Weil
74%
zerstören,
74%
zerstören.
74%
Leben.
71%
wie
71%
Wind,
71%
dir
68%
dir,
68%
Gewitter,
68%
hören.
68%
kein
68%
Neid.
68%
Neid,
68%
Tag.
68%
Chor
65%
du
65%
Engel
65%
gesandt,
65%
Geschwür
65%
jüngsten
65%
sein
65%
so
65%
wird
65%
Boshaftigkeit
62%
füttert
62%
geben.
62%
Reiter
62%
ach
59%
bitter,
59%
Diese
59%
kannst
59%
sind,
59%
Sterben
59%
Tage
59%
das
56%
eure
56%
im
56%
Nacht
56%
rächen.
56%
lag,
53%
tun
53%
als
50%
zerbrechen,
50%
zerbrechen.
50%
Erbarmen
47%
kund
47%
letzten
47%
Stäbchen
47%
Verderben.
44%

Score Distribution

Percentile by Number Answered

Percent of People with Each Score

Your Score History

You have not taken this quiz since the last reset